Fr. Conceicao Rodrigues College of Engineering

Computer Algorithms/C++ (Record no. 19955)

MARC details
000 -LEADER
fixed length control field 00380nam a2200181Ia 4500
082 ## - DEWEY DECIMAL CLASSIFICATION NUMBER
Classification number 005.1/HOR
Item number HOR
100 ## - MAIN ENTRY--PERSONAL NAME
Personal name Horowitz/Ellis/ Sahni S
250 ## - EDITION STATEMENT
Edition statement 2
245 ## - TITLE STATEMENT
Title Computer Algorithms/C++
260 ## - PUBLICATION, DISTRIBUTION, ETC.
Name of publisher, distributor, etc. University Press
Date of publication, distribution, etc. 2008
366 ## - TRADE AVAILABILITY INFORMATION
Publishers's discount category 17.5
300 ## - PHYSICAL DESCRIPTION
Extent 774
546 ## - LANGUAGE NOTE
Language note ENGLISH
650 ## - SUBJECT ADDED ENTRY--TOPICAL TERM
Topical term or geographic name entry element Algorithms
654 ## - SUBJECT ADDED ENTRY--FACETED TOPICAL TERMS
Focus term algorithms
942 ## - ADDED ENTRY ELEMENTS (KOHA)
Koha item type BOOK
Holdings
Withdrawn status Lost status Damaged status Not for loan Collection Home library Current library Date acquired Source of acquisition Cost, normal purchase price Inventory number Total Checkouts Full call number Barcode Date last seen Cost, replacement price Price effective from Koha item type
        CRC Fr. Agnel's C.Rodrigues College of Engineering Fr. Agnel's C.Rodrigues College of Engineering 17/03/2023 Educational books and periodicals 325.88 258 dt 27/04/2009   005.1/HOR HOR 19550 13/08/2024 395.00   BOOK